| 000 | 00692nam a2200229 4500 | ||
|---|---|---|---|
| 001 | 26624 | ||
| 003 | BD-RjUL | ||
| 005 | 20211209051037.0 | ||
| 008 | 140323s1970 bg 000 0 eng | ||
| 035 | _a(BD-RjUL)26694 | ||
| 040 |
_aDLC _cDLC _dDLC _dBD-RjUL _beng |
||
| 041 | _aeng | ||
| 082 | 0 | 0 |
_a811.509 _bHAN 1970 |
| 100 | 0 |
_aHakeem, Azizul , _981836 |
|
| 245 | 1 | 0 |
_aNew frontiers, new pioneers : _bessays on modern American poetry / _cAzizul Hakeem. |
| 260 |
_aChittagong : _bZeenat Hakeem, _c1970. |
||
| 300 |
_a157, xxx p. ; _c19 cm. |
||
| 650 | 0 |
_aAmerican poetry _y20th century _xHistory and criticism. _951744 |
|
| 942 |
_2ddc _cBK |
||
| 999 |
_c26624 _d26624 |
||